000 00271nam a2200121Ia 4500
008 230303s9999 xx 000 0 und d
041 _aeng
082 _a621.392, BHA
100 _aBHASKAR (J)
245 _aA VHDL Primer
260 _aNEW DELHI
_bPEARSON
365 _cRS
999 _c190751
_d190751